Responses for show #6101 - Monday, March 7, 2011

Contestants

Dawn Hart, a bookkeeper from Laughlintown, Pennsylvania

Mike Nelson, a mechanical engineer from Geneva, Illinois

Carl Bradshaw, a financial manager from St. Louis, Missouri (whose 2-day cash winnings total $17,899)

Jeopardy! Round responses

FRENCH ART & ARTISTS
ACTING SEQUELITIS
THE IVY LEAGUE
ASTRONOMY
QUOTED IN BARTLETT'S
IT'S ALL "GOOD"
    $200 11
the unicorn

Mike
    $200 14
Indiana Jones

Mike
    $200 1
Brown

Mike
    $200 20
Mercury

Carl
    $200 26
Sesame Street

Dawn
    $200 6
Good Houskeeping

Carl
    $400 12
Toulouse-Lautrec

Dawn
    $400 15
Die Hard

Mike
    $400 2
Columbia

Mike
    $400 22
Venus

Triple Stumper
    $400 27
(Mike: What is 9/11?)

September 12th

CarlMike
    $400 7
the Cape of Good Hope

Carl
    $600 13
impressionism

Mike
    $600 16
Eddie Murphy

Mike
    $600 3
Princeton

Mike
    $600 23
(Dawn: What's Jupiter?)
(Carl: What is Uranus?)
(Mike: What is Saturn?)

Neptune

CarlMikeDawn
Triple Stumper
    $600 28
Princess Di

Triple Stumper
    $600 8
Goodwill

Mike
    $800 19
Gauguin

Mike
    $800 17
Rambo & Rocky

Mike
    $800 4
Harvard

Carl
    $800 24
Shoemaker-Levy

Triple Stumper
    $800 29
(Émile) Zola

Dawn
    $800 9
good Samaritan law

Carl
    $1000 21
Socrates

Mike
    $1000 18
Mission: Impossible

Dawn
    $1000 5
Cornell

Carl
    $1000 25
Olympus Mons

Mike
    $1000 30
"Keep on truckin'"

Triple Stumper
    $1000 10
good neighbor

Dawn

Scores at the first commercial break (after clue 15):

Carl Mike Dawn
$3,200 $3,200 $1,400

Scores at the end of the Jeopardy! Round:

Carl Mike Dawn
$3,200 $6,400 $2,800

Double Jeopardy! Round responses

ON VALENTINE'S DAY
CANDY IS DANDY
HEARTS
KISS
STATELY FLOWERS
THE LANGUAGE OF LOVE
(Alex: And you have to tell us which language we are speaking about love.)
    $400 30
the Boer War

Dawn
    $400 7
Honey

Mike
    $400 12
where the heart is

Dawn
    $400 21
Dr Pepper

Carl
    $400 2
dogwood

Carl
    $400 1
Spanish

Carl
    $800 29
Marshall

Carl
    $800 8
Ike

Mike
    $800 13
the heart of darkness

Mike
    $800 23
without their makeup

Mike
    $800 3
poppy

Triple Stumper
    $800 17
(Mike: What is Russian?)

Japanese

Mike
Triple Stumper
    $1200 28
(Carl: What is the Likud?)

the Knesset

CarlDawn
    $1200 9
Andes

Dawn
    $1200 14
(Carl: Who is Laura Bush?)

Sarah Palin

Carl
Triple Stumper
    $1200 22
Casablanca

Triple Stumper
    $1200 4
a forget-me-not

Carl
    $1,000 18
Greek

Dawn
    $1600 27
Ayatollah Khomeini

Carl
    $1600 10
Crows

Triple Stumper
    $1600 15
(Mike: What is...)
[The time's-up signal sounds.]
(Mike: [*]?)
(Alex: Ooh, sorry. Dawn?)
(Dawn: What is [*]?)
(Alex: You missed it by a fraction of a second there, Mike.)

The Hitchhiker's Guide to the Galaxy

MikeDawn
    $1600 24
Beth

Mike
    $1600 5
the magnolia

Carl
    $1600 19
Hebrew

Triple Stumper
    $2000 26
Arizona

Dawn
    $2000 11
Conversation

Triple Stumper
    $2000 16
a Lonely Hunter

Dawn
    $2000 25
Ace Frehley

Carl
    $1,200 6
(Carl: What is lavender?)

violet

Carl
    $2000 20
[Dawn smiles while responding.]
(Alex: Are you of Hungarian descent?)
(Dawn: No, my husband is.)
(Alex: Oh, that's right. A count.)
(Dawn: That's right.)
(Alex: A viscount, sorry. Go again.)

Hungarian

Dawn

Scores at the end of the Double Jeopardy! Round:

Carl Mike Dawn
$8,000 $8,400 $14,600

[wagering suggestions for these scores]

Final Jeopardy! Round responses

OLYMPIC HOST COUNTRIES
CarlWhat are the US, Canada, + France
$7,500
MikeWhat are Canada, USA, & Germany?
$7,601
DawnWhat are USA, Germany + France?
$0
(3 of) United States, Canada, France, Germany, Italy & Japan

Final scores:

Carl Mike Dawn
$15,500 $16,001 $14,600
2nd place: $2,000 New champion: $16,001 3rd place: $1,000

Game dynamics:

Coryat scores:

Carl Mike Dawn
$9,200 $8,400 $14,800
15 R,
4 W
(including 1 DD)
18 R
(including 1 DD),
4 W
14 R
(including 1 DD),
1 W

Combined Coryat: $32,400

The J! Archive is created by fans, for fans. The Jeopardy! game show and all elements thereof, including but not limited to copyright and trademark thereto, are the property of Jeopardy Productions, Inc. and are protected under law. This website is not affiliated with, sponsored by, or operated by Jeopardy Productions, Inc. Join the discussion at JBoard.tv.